000
00267nam a2200097Ia 4500
001
1229067
005
20250827093054.0
008
250824s9999 xx 000 0 und d
245
0
_a
GİZLİ MERDİVENLER VE UÇAN HALI
_c
TONY ABBOTT
260
_b
ALTIN KİTAPLAR YAYINLARI
999
_c
1229067
_d
1229067